| 000 | 00510nam a2200193 a 4500 | ||
|---|---|---|---|
| 001 | 1758288235530 | ||
| 003 | YourLibrary | ||
| 005 | 20250920112001.0 | ||
| 008 | 250919s2007##################000#0#eng## | ||
| 020 | _a9780521859875 | ||
| 082 | 0 | 4 |
_a153 _bRAM |
| 100 | 1 |
_aRamsey, William M., _eauthor. |
|
| 245 | 1 | 0 | _aRepresentation Reconsidered : |
| 260 |
_bCambridge University Press, _c2007. |
||
| 300 | _a284 pages | ||
| 650 | 0 | _aPhilosophy. | |
| 942 | _cENGLISH | ||
| 040 |
_aYourLibrary _beng _cYourLibrary |
||
| 999 |
_c588251 _d588251 |
||